000 00505nam a22001815i 4500
001 68834
003 ES-MaACL
005 20251004063114.0
007 t|
008 960829s1858 fr ||||1| fre d
040 _aCAM
_bspa
_cCAM
100 1 _aGirardin, Émile de,
_d1806-1881
_957233
245 1 0 _aQuestions de mon temps, 1836-1856 /
_cEmile de Girardin.
260 _aParis :
_bSerriere,
_c1858.
300 _a12 v. ;
_c22 cm.
852 _aES-MaACL
_jG-12752-63
999 _c68834
_d68834